Living Psalms and Proverbs with the major prophets, (Record no. 7670)
[ view plain ]
| 000 -LEADER | |
|---|---|
| fixed length control field | 00897cam a22002531 4500 |
| 001 - CONTROL NUMBER | |
| control field | 4061946 |
| 003 - CONTROL NUMBER IDENTIFIER | |
| control field | GBCCL |
| 005 - DATE AND TIME OF LATEST TRANSACTION | |
| control field | 20241126110633.0 |
| 008 - FIXED-LENGTH DATA ELEMENTS--GENERAL INFORMATION | |
| fixed length control field | 740504s1967 ilu 000 0 eng |
| 010 ## - | |
| -- | 67006593 |
| 040 ## - CATALOGING SOURCE | |
| Original cataloging agency | DLC |
| Transcribing agency | DLC |
| Modifying agency | DLC |
| 050 00 - | |
| -- | BS1440 |
| -- | .T38 1967 |
| 082 00 - DEWEY DECIMAL CLASSIFICATION NUMBER | |
| Classification number | 223.205204 |
| Item number | LIV |
| 130 0# - | |
| -- | Bible. |
| -- | Old Testament. |
| -- | Selections. |
| -- | English. |
| -- | Living Bible. |
| -- | 1967. |
| -- | 13516 |
| 245 10 - TITLE STATEMENT | |
| Title | Living Psalms and Proverbs with the major prophets, |
| Statement of responsibility, etc. | paraphrased by Kenneth N. Taylor. |
| 260 ## - PUBLICATION, DISTRIBUTION, ETC. | |
| Place of publication, distribution, etc. | [Wheaton, Ill., |
| Name of publisher, distributor, etc. | Tyndale House, |
| Date of publication, distribution, etc. | 1967] |
| 300 ## - PHYSICAL DESCRIPTION | |
| Extent | 745 p. |
| Dimensions | 18 cm. |
| 630 00 - SUBJECT ADDED ENTRY--UNIFORM TITLE | |
| Uniform title | Bible. |
| Name of part/section of a work | Psalms |
| General subdivision | Paraphrases, English. |
| 9 (RLIN) | 13517 |
| 630 00 - SUBJECT ADDED ENTRY--UNIFORM TITLE | |
| Uniform title | Bible. |
| Name of part/section of a work | Proverbs |
| General subdivision | Paraphrases, English. |
| 9 (RLIN) | 13518 |
| 630 00 - SUBJECT ADDED ENTRY--UNIFORM TITLE | |
| Uniform title | Bible. |
| Name of part/section of a work | Prophets |
| General subdivision | Paraphrases, English. |
| 9 (RLIN) | 13519 |
| 700 1# - ADDED ENTRY--PERSONAL NAME | |
| Personal name | Taylor, Kenneth Nathaniel. |
| 9 (RLIN) | 368 |
| 906 ## - LOCAL DATA ELEMENT F, LDF (RLIN) | |
| a | 7 |
| b | cbc |
| c | orignew |
| d | u |
| e | ocip |
| f | 19 |
| g | y-gencatlg |
| 942 ## - ADDED ENTRY ELEMENTS (KOHA) | |
| Source of classification or shelving scheme | Dewey Decimal Classification |
| Koha item type | Books |
| Koha issues (borrowed), all copies | 2 |
| Withdrawn status | Lost status | Source of classification or shelving scheme | Damaged status | Not for loan | Home library | Current Library | Shelving location | Date acquired | Total checkouts | Full call number | Barcode | Date last seen | Copy number | Price effective from | Koha item type | Date last checked out |
|---|---|---|---|---|---|---|---|---|---|---|---|---|---|---|---|---|
| Dewey Decimal Classification | GRACE BIBLE COLLEGE | GRACE BIBLE COLLEGE | Biblical Studies | 2018-09-10 | 223.205204 LIV | 003683 | 2025-05-01 | c.1 | 2018-09-10 | Books | ||||||
| Dewey Decimal Classification | GRACE BIBLE COLLEGE | GRACE BIBLE COLLEGE | Biblical Studies | 2018-09-10 | 1 | 223.205204 LIV | 003687 | 2025-05-01 | c.2 | 2018-09-10 | Books | 2022-03-08 | ||||
| Dewey Decimal Classification | GRACE BIBLE COLLEGE | GRACE BIBLE COLLEGE | Biblical Studies | 2022-04-26 | 1 | 223.205204 LIV | 015517 | 2025-05-01 | c.3 | 2022-04-26 | Books | 2023-07-28 |